00670nam a2200217 a 450000100100000000500170001000800410002702000150006804000250008308200150010810000230012324000340014624500430018026000320022330000210025549000150027683000220029104900090031395201130032299900170043500002131520200930011307.0100906s2002 sp 000 0 spa d a8474325404 aDO-SdBNPbspacBNPHU axxxbB812o1 aBrady, Jonh94454210aThe craft of the screenwriter13aEl oficio del guionista /cJonh Brady. aBarcelona :bGedisa,c2002. a262 p. ;c23 cm.1 aMultimedia 0aMultimedia944543 aBNPD 001050718MOaGRbGRcCTd2010-09-06iLF1l0oxxx B812op21315-10r2020-06-25w2020-06-25y1ZNo se presta c20815d20815